000 00326nam a2200133Ia 4500
008 260604s9999 xx 000 0 und d
020 _a9781835357415
082 _a004 HOB
100 _aHassan hobbs
_935674
245 0 _aALGORITHMS AND PARALLEL COMPUTING.
260 _bEd-Tech Press
500 _aIT, Algorihms
942 _cBK
999 _c8498
_d8498